GP Belgii F1 - zwycięzcy - Statystyki

Ogólne statystyki
  • Ten quiz został rozwiązany 26 razy
    7 od ostatniego zresetowania
  • Średni wynik to 62 z 70
Statystyki odpowiedzi
Rok Narodowość Zespół Kierowca % Poprawnych
1983 Francja Renault Alain Prost
100%
1987 Francja Mclaren Alain Prost
100%
1952 Włochy Ferrari Alberto Ascari
100%
1953 Włochy Ferrari Alberto Ascari
100%
1985 Brazylia Lotus Ayrton Senna
100%
1988 Brazylia Mclaren Ayrton Senna
100%
1989 Brazylia Mclaren Ayrton Senna
100%
1990 Brazylia Mclaren Ayrton Senna
100%
1991 Brazylia Mclaren Ayrton Senna
100%
1968 New Zealand Mclaren Bruce Mclaren
100%
2019 Monako Ferrari Charles Leclerc
100%
1993 Wielka Brytania Williams Damon Hill
100%
1994 Wielka Brytania Williams Damon Hill
100%
1998 Wielka Brytania Jordan Damon Hill
100%
2014 Australia Red Bull Daniel Ricciardo
100%
1999 Wielka Brytania Mclaren David Coulthard
100%
2008 Brazylia Ferrari Felipe Massa
100%
1960 Australia Cooper Jack Brabham
100%
1973 Wielka Brytania Tyrrell Jackie Stewart
100%
2012 Wielka Brytania Mclaren Jenson Button
100%
1962 Wielka Brytania Lotus Jim Clark
100%
1963 Wielka Brytania Lotus Jim Clark
100%
1964 Wielka Brytania Lotus Jim Clark
100%
1965 Wielka Brytania Lotus Jim Clark
100%
1979 RPA Ferrari Jody Scheckter
100%
1950 Argentyna Alfa Romeo Juan Manuel Fangio
100%
1954 Argentyna Maserati Juan Manuel Fangio
100%
1955 Argentyna Mercedes Juan Manuel Fangio
100%
2004 Finlandia Mclaren Kimi Raikkonen
100%
2005 Finlandia Mclaren Kimi Raikkonen
100%
2007 Finlandia Ferrari Kimi Raikkonen
100%
2009 Finlandia Ferrari Kimi Raikkonen
100%
2010 Wielka Brytania Mclaren Lewis Hamilton
100%
2015 Wielka Brytania Mercedes Lewis Hamilton
100%
2017 Wielka Brytania Mercedes Lewis Hamilton
100%
2020 Wielka Brytania Mercedes Lewis Hamilton
100%
2024 Wielka Brytania Mercedes Lewis Hamilton
100%
1978 USA Lotus Mario Andretti
100%
2021 Holandia Red Bull Max Verstappen
100%
2022 Holandia Red Bull Max Verstappen
100%
2023 Holandia Red Bull Max Verstappen
100%
1992 Niemcy Benetton Michael Schumacher
100%
1995 Niemcy Benetton Michael Schumacher
100%
1996 Niemcy Ferrari Michael Schumacher
100%
1997 Niemcy Ferrari Michael Schumacher
100%
2001 Niemcy Ferrari Michael Schumacher
100%
2002 Niemcy Ferrari Michael Schumacher
100%
2000 Finlandia Mclaren Mika Hakkinen
100%
2016 Niemcy Mercedes Nico Rosberg
100%
1986 Wielka Brytania Williams Nigel Mansell
100%
1975 Austria Ferrari Niki Lauda
100%
1976 Austria Ferrari Niki Lauda
100%
2025 Australia Mclaren Oscar Piastri
100%
1961 USA Ferrari Phil Hill
100%
2011 Niemcy Red Bull Sebastian Vettel
100%
2013 Niemcy Red Bull Sebastian Vettel
100%
2018 Niemcy Ferrari Sebastian Vettel
100%
1972 Brazylia Lotus Emerson Fittipaldi
67%
1974 Brazylia Mclaren Emerson Fittipaldi
67%
1951 Włochy Alfa Romeo Giuseppe Farina
67%
1966 Wielka Brytania Ferrari John Surtees
67%
1984 Włochy Ferrari Michele Alboreto
67%
1981 Argentyna Williams Carlos Reutemann
33%
1980 Francja Ligier Didier Pironi
33%
1977 Szwecja Lotus Gunnar Nilsson
33%
1970 Meksyk BRM Pedro Rodriguez
33%
1967 USA Eagle Dan Gurney
0%
1982 Wielka Brytania Mclaren John Watson
0%
1956 Wielka Brytania Ferrari Peter Collins
0%
1958 Wielka Brytania Vanwall Tony Brooks
0%
Nie znaleziono quizów pasujących do podanych kryteriów
Rozkład punktacji
Procent ludzi z każdym wynikiem
Percentyl według liczby udzielonych odpowiedzi
Twoja historia wyników
Nie rozwiązałeś tego quizu od ostatniego zresetowania